[Event "New Delhi Parsvnath op 5th"]
[Site "New Delhi"]
[Date "2007.01.15"]
[Round "5"]
[White "Rao, Srinivasa P"]
[Black "Venkatesh, Marani Rajendran"]
[Result "1/2-1/2"]
[WhiteElo "2030"]
[BlackElo "2486"]
[PlyCount "76"]
[EventDate "2007.01.15"]
[EventType "swiss"]
[EventRounds "10"]
[EventCountry "IND"]
[SourceTitle "CBM 116 Extra"]
[Source "ChessBase"]
[SourceDate "2007.03.07"]
[SourceVersion "1"]
[SourceVersionDate "2007.03.07"]
[SourceQuality "1"]

1. Nf3 Nf6 2. c4 e6 3. g3 d5 4. d4 Be7 5. Bg2 0-0 6. 0-0 dxc4 7. Qc2 a6 8. Qxc4 b5 9. Qc2 Bb7 10. Bg5 Be4 11. Qc1 Nbd7 12. Nbd2 Bd5 13. Bxf6 Nxf6 14. Qc2 Rc8 15. Nb3 c5 16. dxc5 a5 17. a4 bxa4 18. Rxa4 Nd7 19. Nfd4 Bxc5 20. Qd1 Bxg2 21. Kxg2 Bb4 22. Nf3 Nb6 23. Ra2 a4 24. Nc1 Qe7 25. Qd3 Rc5 26. Qb1 Rfc8 27. Nd3 R5c7 28. Nxb4 Qxb4 29. Rd1 g6 30. Ra1 Nc4 31. Qe4 Qb5 32. Nd4 Qc5 33. b3 Nd6 34. Qd3 Rd7 35. Nf3 axb3 36. Qxb3 Rcd8 37. Rac1 Qf5 38. Qa4 Qb5 1/2-1/2